Central Library OPAC University of Rajshahi
Normal view MARC view

Entry Personal Name

Number of records used in: 1

001 - CONTROL NUMBER

  • control field: 4131

003 - CONTROL NUMBER IDENTIFIER

  • control field: BD-RjUL

005 - DATE AND TIME OF LATEST TRANSACTION

  • control field: 20220726100135.0

008 - FIXED-LENGTH DATA ELEMENTS

  • fixed length control field: 220726|| aca||aabn | a|a d

040 ## - CATALOGING SOURCE

  • Original cataloging agency: BD-RjUL
  • Transcribing agency: BD-RjUL

100 ## - HEADING--PERSONAL NAME

  • Personal name: ʻUmar
  • Titles and other words associated with a name: Caliph,
  • Dates associated with a name: -720

670 ## - SOURCE DATA FOUND

  • Source citation: Work cat.: (BD-RjUL)80120: [Nadwi, Abdus Salam];; ندوي عبد السلام 4130, [sirat eumar bin eabd aleaziz] سيرة عمر بن عبد العزيز , 1914